Business innovation: A case study approach (Record no. 1225313)

MARC details
000 -LEADER
fixed length control field 00613nam a2200217Ia 4500
005 - DATE AND TIME OF LATEST TRANSACTION
control field 20241129104314.0
008 - FIXED-LENGTH DATA ELEMENTS--GENERAL INFORMATION
fixed length control field 241129s9999||||xx |||||||||||||| ||und||
020 ## - INTERNATIONAL STANDARD BOOK NUMBER
International Standard Book Number 9781032041872
037 ## - SOURCE OF ACQUISITION
Stock number Textual
040 ## - CATALOGING SOURCE
Original cataloging agency RTL
Language of cataloging eng
Transcribing agency RTL
041 ## - LANGUAGE CODE
Language code of text/sound track or separate title eng
Source of code eng
084 ## - COLON CLASSIFICATION NUMBER
Classification number X9 R2
Assigning agency RTL
100 ## - MAIN ENTRY--PERSONAL NAME
Personal name Pandiarajan Vijay
9 (RLIN) 725684
245 #0 - TITLE STATEMENT
Title Business innovation: A case study approach
Statement of responsibility, etc. Pandiarajan Vijay
260 ## - PUBLICATION, DISTRIBUTION, ETC.
Place of publication, distribution, etc. New York
Name of publisher, distributor, etc. Routledge
Date of publication, distribution, etc. 2022
300 ## - PHYSICAL DESCRIPTION
Extent xxii,334p.
365 ## - TRADE PRICE
Price type code INR
Price amount Rs.5283.94
650 ## - SUBJECT ADDED ENTRY--TOPICAL TERM
Topical term or geographic name entry element Business Economics
9 (RLIN) 391653
942 ## - ADDED ENTRY ELEMENTS (KOHA)
Koha item type Textbook
Classification part X9 R2
Holdings
Withdrawn status Lost status Damaged status Not for loan Home library Current library Date acquired Source of acquisition Inventory number Total Checkouts Full call number Barcode Date last seen Price effective from Koha item type
        Ratan Tata Library Ratan Tata Library 2024-11-29 Classic Book Service 369 & 20/02/2024   X9 R2 RT1528249 2024-11-29 2024-11-29 Textbook
Copyright @ Delhi University Library System